000 00314nam a2200145Ia 4500
100 _aPrabhu/C.S.R.
942 _cBK
654 _aDatabase
245 _aObject Oriented Database Systems
260 _bPrentice Hall
_aLondon
_c1998
082 _a5.74
_bPRA
300 _a197
546 _aENGLISH
999 _c35061
_d35061